Criminal Minds - Statistics

General Stats
  • This quiz has been taken 360 times
  • The average score is 12 of 15
Answer Stats
Hint Answer % Correct
Who is "Baby Girl"? Penelope Garcia
99%
What age did Spencer graduate High School? 12
94%
Hotchner's child Jack
92%
Hotchner's Wife Haley
88%
Who runs a interpole in London? Emily Prentiss
87%
Who is "Chocolate Thunder"? Derek Morgan
85%
Who started the BAU? Gideon and Rossi
81%
J.J's husband William
81%
Who kills Haley? George Foyet
80%
What does Jason Gideon like researching? Birds
78%
Spencer Reid's iq? 187
77%
How many words can Spencer Reid read per minute? 20,000
73%
What does Unsub stand for? Unknown Subject
71%
Who "kills" Emily Prentiss Ian Doyle
67%
Where is the BAU located? Quantico Virginia
66%
No matching quizzes found
Score Distribution
Percent of People with Each Score
Percentile by Number Answered
Your Score History
You have not taken this quiz